Comunicación e integración en América Latina

Kaydedildi:
Detaylı Bibliyografya
Yazar: Alvez Catalán, Hernán
Materyal Türü: Metin
Baskı/Yayın Bilgisi: San José :
Etiketler: Etiketle
Etiket eklenmemiş, İlk siz ekleyin!

MARC

LEADER 00000 a a2200000 04500
001 16686
003
040
090 |a 011400  
100 |a Alvez Catalán, Hernán  
245 |a Comunicación e integración en América Latina  
260 |a San José :  
300 |a 38 p.  
999 |c 13956  |d 13956